000 00340nam a22001457a 4500
008 230112b ||||| |||| 00| 0 eng d
020 _a9781457699511
041 _aeng
080 _2BRIEF EDITION
_a39
082 _a39
100 _a32
101 _aLITERATURE
245 _aPATTERNS FOR COLLEGE WRITING
_cKIRSZNER G.L
942 _2udc
_cBK
999 _c59231
_d59231